| 000 | 00860nam a22002897a 4500 | ||
|---|---|---|---|
| 005 | 20241024124509.0 | ||
| 008 | 181017b xxu||||| |||| 00| 0 spa d | ||
| 020 | _a9789873887376 | ||
| 041 | _aspa | ||
| 082 | _a658.3 V114c | ||
| 100 |
_aVaccarini, Vilma _950273 |
||
| 245 | _aConversaciones difíciles: cómo enfrentar las situaciones complejas | ||
| 260 | _aArgentina | ||
| 260 | _bTemas | ||
| 260 | _c2016 | ||
| 300 | _a56 páginas | ||
| 440 | _aHerramientas para líderes del siglo XXI | ||
| 650 | _aLIDERAZGO | ||
| 650 | _aADMINISTRACIÓN DE EMPRESAS | ||
| 650 | _aGESTIÓN ORGANIZACIONAL | ||
| 650 | _aDISEÑAR CONVERSACIONES | ||
| 650 | _aCONVERSACIONES DIFÍCILES | ||
| 650 | _aCONSEJOS PARA UNA BUENA CONVERSACIÓN | ||
| 650 | _aCLAVES PARA ENFRENTAR CONVERSACIONES DIFÍCILES | ||
| 650 | _aESCUCHA ACTIVA | ||
| 942 | _cBK | ||
| 999 |
_c11253 _d11253 |
||